|
|
|
|
| LEADER |
00000cam a2200000 a 4500 |
| 001 |
EBOOKCENTRAL_ocn190858820 |
| 003 |
OCoLC |
| 005 |
20240329122006.0 |
| 006 |
m o d |
| 007 |
cr cnu---unuuu |
| 008 |
080117s2007 mau o 001 0 eng d |
| 040 |
|
|
|a N$T
|b eng
|e pn
|c N$T
|d YDXCP
|d OCLCQ
|d IDEBK
|d VLB
|d OCLCQ
|d MERUC
|d OCLCQ
|d VLB
|d OCLCF
|d OCLCO
|d OCLCQ
|d NLGGC
|d DEBSZ
|d OCLCQ
|d NRU
|d UKDOC
|d OCLCQ
|d COO
|d Z5A
|d ZCU
|d OCLCQ
|d JBG
|d U3W
|d VNS
|d VTS
|d ICG
|d INT
|d OCLCQ
|d STF
|d LEAUB
|d DKC
|d AU@
|d OCLCQ
|d M8D
|d OCLCQ
|d K6U
|d OCLCQ
|d OCLCO
|d OCLCQ
|d OCLCO
|d OCLCQ
|d OCLCO
|d OCLCL
|
| 019 |
|
|
|a 472235235
|a 472245604
|a 704444936
|a 815538998
|
| 020 |
|
|
|a 9780080556086
|q (electronic bk.)
|
| 020 |
|
|
|a 0080556086
|q (electronic bk.)
|
| 020 |
|
|
|a 9781597492287
|
| 020 |
|
|
|a 1597492280
|
| 020 |
|
|
|a 1281096385
|
| 020 |
|
|
|a 9781281096388
|
| 029 |
1 |
|
|a AU@
|b 000043077598
|
| 029 |
1 |
|
|a AU@
|b 000048831364
|
| 029 |
1 |
|
|a AU@
|b 000051560712
|
| 029 |
1 |
|
|a AU@
|b 000053251890
|
| 029 |
1 |
|
|a DEBBG
|b BV043113623
|
| 029 |
1 |
|
|a DEBBG
|b BV044128197
|
| 029 |
1 |
|
|a DEBSZ
|b 422157015
|
| 029 |
1 |
|
|a DEBSZ
|b 430461631
|
| 029 |
1 |
|
|a AU@
|b 000073103428
|
| 035 |
|
|
|a (OCoLC)190858820
|z (OCoLC)472235235
|z (OCoLC)472245604
|z (OCoLC)704444936
|z (OCoLC)815538998
|
| 050 |
|
4 |
|a HV8079.C65
|b W55 2007eb
|
| 072 |
|
7 |
|a LAW
|x 041000
|2 bisacsh
|
| 082 |
0 |
4 |
|a 363.25968
|2 22
|
| 049 |
|
|
|a UAMI
|
| 100 |
1 |
|
|a Wiles, Jack.
|
| 245 |
1 |
4 |
|a The best damn cybercrime and digital forensics book period /
|c Jack Wiles, Anthony Reyes.
|
| 260 |
|
|
|a Rockland, Mass. :
|b Syngress ;
|a Oxford :
|b Elsevier Science [distributor],
|c ©2007.
|
| 300 |
|
|
|a 1 online resource (699 pages)
|
| 336 |
|
|
|a text
|b txt
|2 rdacontent
|
| 337 |
|
|
|a computer
|b c
|2 rdamedia
|
| 338 |
|
|
|a online resource
|b cr
|2 rdacarrier
|
| 500 |
|
|
|a Includes index.
|
| 588 |
0 |
|
|a Print version record.
|
| 520 |
|
|
|a Computer forensics market continues to have major growth.
|
| 505 |
0 |
|
|a Front Cover; The Best Damn Cybercrime and Digital Forensics Book Period; Copyright Page; Contributing Authors; Contents; Chapter 1: Computer Forensics in Today's World; Chapter 2: Digital Forensics: An Overview; Chapter 3: Developing an Enterprise Digital Investigative/Electronic Discovery Capability; Chapter 4: Integrating a Quality Assurance Program in a Digital Forensic Laboratory; Chapter 5: Balancing E-discovery Challenges with Legal and IT Requirements; Chapter 6: Forensic Software and Hardware; Chapter 7: Incident Response: Live Forensics and Investigations.
|
| 590 |
|
|
|a eBooks on EBSCOhost
|b EBSCO eBook Subscription Academic Collection - Worldwide
|
| 590 |
|
|
|a ProQuest Ebook Central
|b Ebook Central Academic Complete
|
| 650 |
|
0 |
|a Computer crimes
|x Investigation.
|
| 650 |
|
0 |
|a Electronic discovery (Law)
|
| 650 |
|
6 |
|a Criminalité informatique
|x Enquêtes.
|
| 650 |
|
6 |
|a Communication électronique des pièces.
|
| 650 |
|
7 |
|a LAW
|x Forensic Science.
|2 bisacsh
|
| 650 |
|
7 |
|a Computer crimes
|x Investigation
|2 fast
|
| 650 |
|
7 |
|a Electronic discovery (Law)
|2 fast
|
| 700 |
1 |
|
|a Reyes, Anthony.
|
| 758 |
|
|
|i has work:
|a The best damn cybercrime and digital forensics book period (Text)
|1 https://id.oclc.org/worldcat/entity/E39PCGrvK8Xbm7dg43JXFgdrmb
|4 https://id.oclc.org/worldcat/ontology/hasWork
|
| 776 |
0 |
8 |
|i Print version:
|a Wiles, Jack.
|t Best damn cybercrime and digital forensics book period.
|d Rockland, Mass. : Syngress ; Oxford : Elsevier Science [distributor], ©2007
|z 9781597492287
|z 1597492280
|w (OCoLC)182664337
|
| 856 |
4 |
0 |
|u https://ebookcentral.uam.elogim.com/lib/uam-ebooks/detail.action?docID=328333
|z Texto completo
|
| 938 |
|
|
|a 123Library
|b 123L
|n 34933
|
| 938 |
|
|
|a EBSCOhost
|b EBSC
|n 214786
|
| 938 |
|
|
|a ProQuest MyiLibrary Digital eBook Collection
|b IDEB
|n 109638
|
| 938 |
|
|
|a YBP Library Services
|b YANK
|n 2758404
|
| 994 |
|
|
|a 92
|b IZTAP
|